000 01361nam0a2200325 4500
001 RU\NLR\bibl\860752
005 20250614154816.0
010 _a5-7511-1904-5
_9300
035 _a(NLR Aleph) 000849433
090 _a1470566
_c1470566
100 _a20051026d2005 |||y0rusy50 ca
101 0 _arus
102 _aRU
105 _ac |||||||||
200 1 _aИдиолектный словарь сравнений сибирского старожила
_fЕ.В. Иванцова
_gМ-во образования и науки Рос. Федерации, Том. гос. ун-т
210 _aТомск
_cИзд-во Томского университета
_d2005
215 _a161,[1] с.
_cпортр.
_d21
316 _aС автогр. авт.
_5NLR
316 _aавтограф
_5NLR:С 2005-2/451
320 _aБиблиогр.: с. 13 (15 назв.)
606 1 _aРусский язык
_xДиалектные словари
_91575506
_3RU\NLR\auth\66990203
606 1 _aРусский язык
_xДиалекты
_yТомская область
_91533070
_3RU\NLR\auth\66969082
686 _aШ141.12-451
700 1 _aИванцова
_bЕ. В.
_gЕкатерина Вадимовна
_4070
801 0 _aRU
_bNLR
_c20051026
_grcr
801 1 _aRU
_bNLR
_c20051026
830 _aАвт. по кн
942 _cBOOK
980 _aNB